Об экстремальной задаче для неналегающих областей; Вестник Томского государственного университета. Математика и механика; № 52
| Parent link: | Вестник Томского государственного университета. Математика и механика/ Национальный исследовательский Томский государственный университет (ТГУ).— , 2007- № 52.— 2018.— [С. 13-24] |
|---|---|
| Hovedforfatter: | |
| Institution som forfatter: | |
| Andre forfattere: | |
| Summary: | Заглавие с экрана В статье методом внутренних вариаций решается задача о нахождении множества значений функционала I = J(f (z0), f (z0),F(Z0),F(Z0)), определенного на классе M пар функций (f (z),F(Z)) однолистных в системе круг - внешность круга. Устанавливается, что множество значений функционала ограничено кривой, уравнение которой записано через эллиптические интегралы, зависящие от параметров функционала I. The paper considers the problem of finding the range of the functional I = J(f (z0), f (z0), F (Z0), F (Z 0)) defined on the class M of functions pairs (f(z),F(Z)) that are univalent in the system of the disk and the interior of the disk, using the method of internal variations. We establish that the range of this functional is bounded by the curve whose equation is written in terms of elliptic integrals, depending on the parameters of the functional I. Режим доступа: по договору с организацией-держателем ресурса |
| Sprog: | russisk |
| Udgivet: |
2018
|
| Fag: | |
| Online adgang: | https://doi.org/10.17223/19988621/52/2 https://elibrary.ru/item.asp?id=34918454 |
| Format: | MixedMaterials Electronisk Book Chapter |
| KOHA link: | https://koha.lib.tpu.ru/cgi-bin/koha/opac-detail.pl?biblionumber=658172 |
MARC
| LEADER | 00000naa0a2200000 4500 | ||
|---|---|---|---|
| 001 | 658172 | ||
| 005 | 20250128151354.0 | ||
| 035 | |a (RuTPU)RU\TPU\network\25393 | ||
| 090 | |a 658172 | ||
| 100 | |a 20180619d2018 k||y0rusy50 ca | ||
| 101 | 0 | |a rus | |
| 102 | |a RU | ||
| 135 | |a drcn ---uucaa | ||
| 181 | 0 | |a i | |
| 182 | 0 | |a b | |
| 200 | 1 | |a Об экстремальной задаче для неналегающих областей |d On an extremal problem for nonoverlapping domains |f Е. А. Пчелинцев, В. А. Пчелинцев | |
| 203 | |a Текст |c электронный | ||
| 300 | |a Заглавие с экрана | ||
| 320 | |a [Библиогр.: 18 назв.] | ||
| 330 | |a В статье методом внутренних вариаций решается задача о нахождении множества значений функционала I = J(f (z0), f (z0),F(Z0),F(Z0)), определенного на классе M пар функций (f (z),F(Z)) однолистных в системе круг - внешность круга. Устанавливается, что множество значений функционала ограничено кривой, уравнение которой записано через эллиптические интегралы, зависящие от параметров функционала I. | ||
| 330 | |a The paper considers the problem of finding the range of the functional I = J(f (z0), f (z0), F (Z0), F (Z 0)) defined on the class M of functions pairs (f(z),F(Z)) that are univalent in the system of the disk and the interior of the disk, using the method of internal variations. We establish that the range of this functional is bounded by the curve whose equation is written in terms of elliptic integrals, depending on the parameters of the functional I. | ||
| 333 | |a Режим доступа: по договору с организацией-держателем ресурса | ||
| 461 | |t Вестник Томского государственного университета. Математика и механика |f Национальный исследовательский Томский государственный университет (ТГУ) |d 2007- | ||
| 463 | |t № 52 |v [С. 13-24] |d 2018 | ||
| 510 | 1 | |a On an extremal problem for nonoverlapping domains |z eng | |
| 610 | 1 | |a электронный ресурс | |
| 610 | 1 | |a труды учёных ТПУ | |
| 610 | 1 | |a внутренние законы | |
| 610 | 1 | |a однолистные функции | |
| 610 | 1 | |a эллиптические интегралы | |
| 610 | 1 | |a функционалы | |
| 700 | 1 | |a Пчелинцев |b Е. А. |g Евгений Анатольевич | |
| 701 | 1 | |a Пчелинцев |b В. А. |c математик |c старший преподаватель Томского политехнического университета, кандидат физико-математических наук |f 1988- |g Валерий Анатольевич |3 (RuTPU)RU\TPU\pers\33890 | |
| 712 | 0 | 2 | |a Национальный исследовательский Томский политехнический университет |b Школа базовой инженерной подготовки |b Отделение математики и информатики |3 (RuTPU)RU\TPU\col\23555 |
| 801 | 2 | |a RU |b 63413507 |c 20180619 |g RCR | |
| 856 | 4 | |u https://doi.org/10.17223/19988621/52/2 | |
| 856 | 4 | |u https://elibrary.ru/item.asp?id=34918454 | |
| 942 | |c CF | ||